[Event "I IRT CXG 2025"]
[Site "Rio de Janeiro"]
[Date "2025.03.29"]
[Round "3.3"]
[White "Nogueira, Adnilton Correia de"]
[Black "Rovedo, Salomão"]
[Result "1-0"]
[WhiteElo "1745"]
[BlackElo "1727"]
[Annotator "Chessbase - SF 17.1"]
[PlyCount "127"]
[EventDate "2025.??.??"]
[EventCountry "BRA"]

1. d4 {[%eval 17,0]} Nf6 {[%eval 19,0]} 2. c4 {[%eval 18,0]} e6 {[%eval 14,0]} 3. Nc3 {[%eval 9,0]} Bb4 {[%eval 9,0]} 4. Bd2 {[%eval 0,0]} O-O {[%eval 1,0]} 5. Nf3 {[%eval 0,0]} c5 {[%eval 11,0]} (5... b6) 6. a3 {[%eval 15,0]} Bxc3 {[%eval 8,0]} 7. bxc3 $6 {[%eval 51,0] Inaccuracy. Bxc3 was best.} (7. Bxc3 Ne4 8. Qc2 (8. Rc1 b6 9. e3 (9. g3 Bb7 10. Bg2 d6 (10... Nxc3 11. Rxc3 d6 (11... cxd4 12. Qxd4 Nc6 13. Qd2 Qe7 14. O-O Rfd8 15. e4 Rac8 16. Rd1 d6 17. b3 Ne5 18. Nd4 a6 19. Re3 Qc7 20. h3 h6 21. Qb2 Qc5 22. a4 Kf8 23. Kh2 a5 24. Qe2 Nc6 25. Red3 Nxd4 26. Rxd4 Rc7 27. Qd2 Rcd7 28. Rd3 Ke7 29. f4 Bc6 30. Rf1 g5 31. fxg5 hxg5 32. Rd5 Bxd5 33. Qxg5+ Kf8 34. cxd5 Re7 35. e5 Rc8 36. Rf4 dxe5 {1-0 Artemiev,V (2716)-Aronian,L (2773) Nations Cup Online Prelim Chess.com INT rapid 2020 (1.2)}) 12. Rd3 {dxc5 is the strong threat.} Be4 13. Rd2 (13. dxc5 Bxd3 14. Qxd3 bxc5 {White must now prevent ...Nd7.} 15. Nd2 Nd7 {aiming for ...Rb8.} 16. Bxa8 Ne5) 13... Qe7) 11. O-O Nd7 12. Qd3 (12. Be1 Qc7) 12... Qc7 13. Rfd1 f5 14. Bd2 Ndf6) 9... Bb7 10. Be2 d6 11. O-O Nd7 12. Be1 f5 13. dxc5 dxc5 14. Nd2 Nef6 15. f3 Qe7 16. Qc2 Rad8 17. Bf2 Nh5 18. Rfd1 Qg5 19. Nf1 f4 20. e4 Rf6 21. h4 Qe5 {Ebrahimi Herab,H (2333)-Gholami,A (2481) Cesme TUR 2024 1-0 (58)}) 8... Nxc3 9. Qxc3 d6 (9... b6 10. e3 Bb7 11. Be2 d6 12. O-O Qe7 13. Rfd1 Nd7 14. Qd2 Rad8 15. b4 Nf6) (9... Qf6 10. e3 b6 11. Be2 Bb7) 10. dxc5 dxc5 11. Rd1 Qe7 12. g3 Nc6 13. Bg2 e5 14. O-O e4 15. Nd2 Bf5) 7... d6 {[%eval 55,0]} 8. e3 $6 {[%eval -87,0] Inaccuracy. Bg5 was best. [#] Black is slightly better.} (8. Bg5 Qa5 9. Qc2 Nbd7 10. Bd2 Nb6 11. e4 Qa4 12. Qd3 d5) 8... b6 $6 $146 {[%eval 51,0] Inaccuracy. e5 was best.} (8... Nbd7 9. Bd3 e5 10. Qc2 Re8 11. e4 exd4 12. cxd4 Nxe4 13. Be3 Qa5+ 14. Ke2 cxd4 15. Nxd4 Ndc5 16. Rhc1 Nxd3 17. Qxd3 Qh5+ 18. f3 Nc5 19. Qd2 {was necessary.} (19. Qc2 Rxe3+ {0-1 Alfageme Alvarez,M-Pascua Vilches,F Valladolid CC Reloj Justina 20th 1991 (2)})) (8... e5) 9. Bd3 {[%eval 5,0]} Re8 $6 {[%eval 19,0] Inaccuracy. Bb7 was best.} (9... Bb7 10. Qc2) 10. O-O {[%eval 29,0]} e5 {[%eval 0,0][%cal Be6e5,Be5e4][%mdl 32]} 11. Ne1 $2 {[%eval -75,0] Mistake. e4 was best.} (11. e4 exd4 12. cxd4 Bg4 13. dxc5 dxc5 14. Bc3 Nc6 15. h3 Bxf3 16. Qxf3 Nd4) 11... Nbd7 $6 {[%eval 58,0][%cal Bb8d7,Bd7f8,Bf8g6,Bg6e5,Be5d3][%mdl 32] Inaccuracy. e4 was best.} (11... e4) 12. Qc2 {[%eval 93,0]} e4 {[%eval 88,0]} 13. Be2 {[%eval 82,0]} Nf8 {[%eval 61,0]} 14. d5 $2 {[%eval -18,0] Mistake. f4 was best.} (14. f4 Ng6) 14... Ng6 {[%eval -94,0]} 15. f3 {[%eval -19,0][%cal Bf2f3,Bf3f4][%mdl 32]} Bf5 {[%eval -5,0]} 16. Qc1 {[%eval -5,0]} Ne5 $6 {[%eval 99,0] Inaccuracy. Nh4 was best.} (16... Nh4) 17. h3 $4 {[%eval -114,0] Blunder. a4 was best.} (17. a4 h5 18. f4 Nd3 19. Qb1 Qe7 20. h3 h4 21. Qc2 g6 22. Nxd3 exd3) 17... Qd7 $4 {[%eval 84,0][%cal Bf5h3] Blunder. Nh5 was best.} (17... Nh5 18. Rf2 Ng3 19. Qd1 exf3 20. gxf3 Qg5 21. Ng2 Qh6 22. Nf4 Ng6 23. Nxg6) 18. Rf2 $6 {[%eval -36,0] Inaccuracy. f4 was best.} (18. f4) 18... h6 {[%eval -39,0]} 19. g4 $2 {[%eval -249,0] Mistake. Qd1 was best. [#]} (19. a4 $17 {keeps fighting.}) (19. Qd1 a6) 19... Bh7 $2 {[%eval -36,0] Mistake. exf3 was best.} (19... exf3 20. Bxf3 (20. Nxf3 Nd3 21. Bxd3 Bxd3 22. Ne1 Be4 23. Qd1 h5 24. Rf4 hxg4 25. hxg4) 20... Nxf3+ 21. Rxf3 Be4) 20. f4 $17 {[%eval -26,0]} Nd3 {[%eval -18,0]} 21. Qc2 {[%eval -177,0]} Nxf2 {[%eval -166,0]} 22. Kxf2 {[%eval -191,0]} Qe7 {[%eval -189,0]} 23. Ng2 {[%eval -181,0]} g5 {[%eval -191,0]} 24. Rf1 {[%eval -164,0]} gxf4 {[%eval -22,0]} 25. Nxf4 {[%eval -32,0]} Qe5 {[%eval -85,0][%cal Be5f4]} 26. Qd1 {[%eval -85,0]} Bg6 {[%eval -86,0][%cal Bh6h5]} 27. Rg1 {[%eval -34,0]} Kh7 {[%eval -56,0]} 28. Rg3 $6 {[%eval -183,0] Inaccuracy. Be1 was best.} (28. Be1 Rg8) 28... Rg8 {[%eval -177,0]} 29. Qg1 {[%eval -135,0]} Kh8 {[%eval -157,0]} 30. Qh1 {[%eval -152,0]} h5 {[%eval -167,0]} 31. g5 {[%eval -155,0]} Nh7 {[%eval -5,0]} 32. h4 {[%eval -2,0]} f6 {[%eval -1,0][%cal Rf6g5]} 33. Nxg6+ $6 {[%eval -292,0] Inaccuracy. Ke1 was best.} (33. Ke1) 33... Rxg6 {[%eval -298,0]} 34. Bxh5 {[%eval -287,0]} Qf5+ $2 {[%eval -54,0] Mistake. Rg7 was best.} (34... Rg7 35. Bg4 fxg5 36. Be1 gxh4 37. Qxh4 Qf6+ 38. Qxf6 Nxf6 39. Rh3+ Rh7 40. Rxh7+) 35. Ke1 {[%eval -36,0]} fxg5 $4 {[%eval 59,0] Blunder. Rg7 was best.} (35... Rg7 36. Bg4 (36. Kd1 fxg5 37. Bg4 Qe5 38. Be1 b5 39. hxg5 bxc4 40. g6 Rxg6 41. Rh3) 36... Qe5) 36. Bxg6 $14 {[%eval 47,0]} Qxg6 {[%eval 57,0]} 37. hxg5 {[%eval 55,0]} Kg7 {[%eval 55,0]} 38. Qh3 {[%eval 11,0]} Rf8 {[%eval 15,0][%cal Ba8f8,Bf8f5,Bf5g5][%mdl 32]} 39. Qg4 {[%eval 0,0]} Rf5 {[%eval 0,0]} (39... Qf7 40. Qf4 Qg6 41. Qh4 $14) 40. Qh4 $6 {[%eval 56,0] Inaccuracy. Kd1 was best.} (40. Kd1 Rxg5 41. Qd7+ Kh6 42. Rh3+ Rh5 43. Rxh5+ Qxh5+ 44. Kc2 Nf6 45. Qxa7 Qe2) 40... Rxg5 {[%eval 59,0]} (40... Nxg5 41. Ke2 $14) 41. Kf2 $6 {[%eval -47,0][%mdl 8192] Inaccuracy. Rxg5 was best.} (41. Rxg5 Nxg5 42. Kd1) 41... Qf6+ $2 {[%eval 17,0] Mistake. Rxg3 was best.} (41... Rxg3 42. Qxg3 Nf6) 42. Ke2 $15 {[%eval 45,0]} Qe5 {[%eval 0,0]} 43. Be1 {[%eval 0,0]} (43. Rh3 Nf6 44. a4 Rg2+ 45. Kd1 Kf7 $17) 43... Qf5 {[%eval 6,0]} 44. Qf4 {[%eval 1,0]} Qf6 {[%eval 35,0]} 45. a4 {[%eval 13,0]} Qxf4 $4 {[%eval 229,0][%mdl 8192] Blunder. Qg6 was best.} (45... Qh6) (45... Qg6 46. Kd1) 46. exf4 $18 {[%eval 203,0][%mdl 64] [#] Pin} Rxg3 {[%eval 214,0]} 47. Bxg3 {[%eval 181,0][%mdl 4096] Endgame KB-KN} a6 $4 {[%eval 477,0] Blunder. Kg6 was best.} (47... Kf6 48. Bh4+ Kf5) (47... Kg6 48. Bh4) 48. Ke3 $18 {[%eval 441,0]} Nf6 {[%eval 472,0]} 49. f5 {[%eval 457,0]} b5 {[%eval 452,0]} 50. Bxd6 {[%eval 429,0]} bxc4 $4 {[%eval 32742,0] Checkmate is now unavoidable. Kf7 was best.} (50... Kf7 51. Bxc5 Nd7 52. Ba3 Nf6 53. d6 bxc4 54. Bc5 Ke8 55. Bd4 Ng4+ 56. Kxe4) 51. Be5 {[%eval 32744,0] White mates.} Kf7 {[%eval 32744,0]} 52. Bxf6 {[%eval 32746,0]} Kxf6 {[%eval 32746,0]} 53. Kxe4 {[%eval 32748,0] KP-KP} Ke7 {[%eval 32748,0]} 54. Ke5 {[%eval 32750,0]} Kd7 {[%eval 32750,0]} 55. d6 {[%eval 32750,0]} Kd8 {[%eval 32752,0]} 56. Ke6 {[%eval 32754,0]} Ke8 {[%eval 32754,0]} 57. f6 {[%eval 32756,0]} Kd8 {[%eval 32756,0]} 58. f7 {[%eval 32758,0][%cal Rf7f8]} Kc8 {[%eval 32758,0]} 59. f8=Q+ {[%eval 32760,0]} Kb7 {[%eval 32760,0]} 60. d7 {[%eval 32762,0]} Kc6 {[%eval 32764,0]} 61. d8=R {[%eval 32762,0]} Kb6 {[%eval 32762,0]} 62. Rb8+ {[%eval 32764,0]} Ka5 {[%eval 32764,0]} 63. Qc8 {[%eval 32766,0]} Kxa4 {[%eval 32766,0]} 64. Qxa6# {Weighted Error Value: White=0.42/Black=0.67 Precisão SF 17; Brancas 90% Pretas 85%} 1-0

[Event "I IRT CXG 2025"]
[Site "Rio de Janeiro"]
[Date "2025.03.29"]
[Round "3.4"]
[White "Rabello, David Sousa"]
[Black "Mendes, Jorge Alberto Dacal"]
[Result "1-0"]
[WhiteElo "1894"]
[BlackElo "1870"]
[Annotator "Chessbase - SF 17.1"]
[PlyCount "61"]
[EventDate "2025.??.??"]
[EventCountry "BRA"]

1. e4 {[%eval 18,0]} c5 {[%eval 25,0]} 2. c3 {[%eval 0,0]} d5 {[%eval 16,0]} 3. exd5 {[%eval 12,0]} Qxd5 {[%eval 19,0]} 4. d4 {[%eval 13,0]} cxd4 {[%eval 1,0]} 5. cxd4 {[%eval 12,0]} Nf6 {[%eval 29,0]} 6. Nc3 {[%eval 28,0]} Qd8 {[%eval 25,0]} 7. Nf3 {[%eval 33,0]} g6 {[%eval 4,0]} 8. Bc4 {[%eval 48,0]} Bg7 {[%eval 47,0]} 9. h3 {[%eval 24,0]} O-O {[%eval 4,0]} 10. O-O {[%eval 34,0]} Nbd7 {[%eval 71,0]} (10... Nc6 11. a3 Bf5 12. d5 Na5 13. Ba2 Rc8 14. Re1 b6 15. Nd4 Bd7 16. Bg5 h6 17. Bh4 Nb7 18. Qe2 Re8 19. Rad1 Nd6 20. Bg3 Rc5 21. Qd3 Qc8 22. Nc6 Bxc6 23. dxc6 Rxc6 24. Qxg6 Nc4 25. Qb1 e6 26. Nb5 Nd5 27. Nxa7 Qb7 28. Nxc6 Qxc6 29. Rc1 b5 30. b3 Nxa3 31. Rxc6 Nxb1 32. Bxb1 Nb4 33. Rb6 Bc3 34. Rd1 Ra8 35. Rxb5 Ra1 36. Bh7+ Kxh7 37. Rxa1 {1-0 Bortnyk,O (2608)-Firouzja,A (2737) Bullet Chess Losers Chess.com INT blitz 2024 (3.12)}) 11. Bf4 $6 {[%eval 2,0] Inaccuracy. Bb3 was best. White is slightly better.} (11. Re1 a6 (11... Nb6 12. Bb3 Nfd5 (12... h6 13. Bf4 Bd7 14. Qd2 Kh7 15. Rad1 Rc8 16. d5 Nc4 17. Qe2 Nh5 18. Bxh6 Bxh6 19. Bxc4 {Strongly threatening Bb3.} Nf4 20. Qf1 Nxg2 21. Kxg2 Bxh3+ 22. Kxh3 Bf4 23. Kg2 Qd7 24. Qh1+ Kg7 25. Qh3 Qc7 26. Rd4) (12... Bf5 13. Bf4 Rc8 14. Qe2 Nbd5 15. Nxd5 Nxd5 16. Bxd5 Qxd5 17. Qxe7 Bxh3 18. Be5 {Hoping for Bxg7.} Rfe8 19. Qh4 Bf5 20. Bxg7 Kxg7 21. a3 Re4 22. Rxe4 Qxe4 23. Qg3 Rc2 24. Re1 Qd5 25. Re8 Rc1+ 26. Kh2) 13. Nxd5 Nxd5 14. Bxd5 Qxd5 15. Rxe7 Bf5 16. Bf4 Rac8 17. Be5 Rfd8 18. Bxg7 Kxg7 19. Qb3 Be4 20. Ne5 Qxb3 21. axb3 Rxd4 $2 {[%mdl 8192]} (21... Bd5 {and Black has nothing to worry.}) 22. Rxf7+ $18 Kg8 23. Rf4 $2 (23. f3 $18) 23... Rf8 $14 24. Rxf8+ Kxf8 25. Rxa7 Rd1+ 26. Kh2) 12. a4 {Prevents b5.} Nb6 13. Ba2 (13. Bb3 Nbd5 14. Nxd5 Nxd5 15. Bxd5 Qxd5 16. Rxe7 Be6 17. Bf4 {Inhibits Qd6.} Rfd8 18. Rc1 Bxd4 $2 {[%mdl 8192]} (18... Rac8 {and Black stays safe.}) 19. Nxd4 $18 Qxd4) 13... e6 {Inhibits d5.} 14. Bg5 h6 15. Bh4 g5 (15... Nbd5) (15... a5) 16. Bg3 Nbd5 17. Rc1 b6 (17... Ne7 18. Bb1 Bd7) 18. Bb1 (18. h4 Nh5 19. Be5 Nb4 20. Bb1 {[%cal Bf3g5]} g4 21. Bxg7 Nxg7 22. Ne5 Qxh4 23. Re4 h5) 18... Bb7 19. Be5 Rc8 20. Nxd5 Qxd5 21. Qd3 (21. h4) 21... Rxc1 22. Rxc1 Ne4 $2 (22... Rc8 23. Rxc8+ Bxc8) 23. Bxg7 $18 Kxg7 24. Rc7 Nf6 $2 (24... Rd8 $18 25. Nd2 $4 {[%mdl 8192] 25.e5 2.14} (25. Bc2) (25. Ne5 Qxd4 26. Rxf7+ (26. Qxd4 Rxd4 27. Rxf7+ Kg8) 26... Kg8) 25... Qxd4 26. Qxd4+ Rxd4) 25. Qd2 $2 (25. Qg6+ $1 {mates} Kh8 26. Qxf6+ Kg8 27. Qxh6 Qe4 28. Bxe4 Bxe4 29. Ne5 (29. Nxg5 Bf5 30. Nxf7 Rxf7 31. Rc8+ Rf8 32. Rxf8#) 29... Bh7 30. Nd7 {[%csl Gd7][%cal Rh6f8]} Re8) 25... Ne4 {Chagas,W (1712)-Leal,K (1856) idChess.com 2024 [Stockfish 16.1] 1-0} (25... Rd8 26. Ba2)) (11. Bb3 e6 12. Re1 Nb6 13. a4 a5 14. Bg5 h6 15. Bh4 Nbd5 16. Ne5 Ne7) 11... Nb6 $146 {[%eval 8,0]} {Bb3 Nbd5} 12. Bb3 {[%eval 0,0] [#]} Ne8 $2 $146 {[%eval 144,0][%cal Bb6c4] Mistake. Nbd5 was best. Threatens to win with ...Nc4!} (12... Nbd5 13. Be5 (13. Bg5 Nxc3 14. bxc3 Ne4 15. Re1 Nxg5 16. Nxg5 e6 17. Ne4 Bd7 18. d5 exd5 19. Bxd5 Qc7 20. Qb3 Bc6 21. Rad1 Bxd5 22. Rxd5 Rfe8 23. Re3 Re7 24. Rc5 Qd7 25. Rd5 Qc6 26. Rc5 Qe8 27. Qc4 Rd8 28. g3 Qd7 29. Kg2 h6 30. Qb3 b6 31. Rb5 Qc6 32. Rb4 Kh8 33. Kh2 f5 34. Ng5 Rd2 {0-1 Timman,J (2541)-Vachier Lagrave,M (2778) Bundesliga 1819 Germany 2018 (15.1)}) (13. Bh2 b6 14. Re1 Bb7 15. Qd3 Rc8 16. Rad1 Nb4 17. Qe2 Nbd5) 13... b6) 13. Re1 {[%eval 148,0] Inhibits Nxc4.} Nd6 {[%eval 107,0]} 14. Be5 {[%eval 127,0]} Bf6 {[%eval 162,0][%cal Bd5f4] aiming for ...Nf4!} 15. Bf4 {[%eval 131,0]} Bf5 {[%eval 165,0]} 16. Ne5 {[%eval 131,0] Inhibits Ndc4.} g5 {[%eval 175,0]} 17. Bg3 {[%eval 143,0]} Bg6 {[%eval 105,0]} 18. a4 {[%eval 125,0][%cal Ba2a4,Ba4a5][%mdl 32] a5 is the strong threat.} Rc8 {[%eval 171,0]} 19. Qe2 $6 {[%eval 109,0] Inaccuracy. Qf3 was best.} (19. Qf3 a6 20. Rad1 Nbc4 21. Bxc4 Nxc4 22. Qxb7 Qb6 23. Qxb6 Nxb6 24. a5 Nc4) 19... Rc7 $2 {[%eval 292,0] Mistake. Nf5 was best.} (19... Nf5) 20. a5 {[%eval 266,0]} Nbc8 $6 {[%eval 353,0] Inaccuracy. Na8 was best.} (20... Na8 21. Nd5 Rc8 22. Ng4 Nf5 23. Bh2 h5 24. Ngxf6+ exf6 25. h4 g4 26. Rad1) 21. Nd5 {[%eval 378,0]} Rd7 {[%eval 434,0]} 22. Nxd7 {[%eval 436,0] White is clearly winning.} Qxd7 {[%eval 431,0]} 23. Be5 {[%eval 403,0]} Kg7 $6 {[%eval 577,0] Inaccuracy. Qd8 was best.} (23... Qd8 24. Rac1 Kg7 25. Qg4 Bxe5 26. dxe5 Nf5 27. Qxg5 Qxa5 28. Red1 Qb5 29. Bc2) 24. Qf3 $6 {[%eval 399,0][%cal Rd5f6] Inaccuracy. Nxf6 was best.} (24. Nxf6 exf6 25. Bxf6+ Kg8 26. Bxg5 Re8 27. Qf3 h6 28. Bf6 Re4 29. Be5 Kh7) 24... Qf5 {[%eval 483,0]} 25. Qxf5 {[%eval 416,0]} Nxf5 {[%eval 414,0]} 26. Rad1 {[%eval 413,0]} Ncd6 $6 {[%eval 546,0] Inaccuracy. Rd8 was best.} (26... Rd8 27. g4 Nh4 28. Re3 h5 29. f3 Bxe5 30. dxe5 a6 31. Rc3 Rh8 32. Kf2) 27. g4 {[%eval 484,0]} Nh4 {[%eval 464,0]} 28. Re3 {[%eval 404,0] Against Nf3+} Be4 $6 {[%eval 584,0] Inaccuracy. Rd8 was best.} (28... Rd8 29. Nxe7 h6 30. f3 Nb5 31. Nd5 Bxe5 32. dxe5 Rc8 33. Kf2 Bc2 34. Rd2) 29. Nxe7 {[%eval 542,0]} Nf3+ {[%eval 629,0]} 30. Kf1 {[%eval 623,0]} Nh2+ {[%eval 696,0]} 31. Bxh2 {[%eval 701,0] Weighted Error Value: White=0.35/Black=0.67 Precisão SF 17; Brancas 93% Pretas 86%} 1-0

[Event "I IRT CXG 2025"]
[Site "Rio de Janeiro"]
[Date "2025.03.29"]
[Round "3.5"]
[White "Brito, Vicente De Paulo Al"]
[Black "Chaves, Jorge Antonio Torre"]
[Result "0-1"]
[WhiteElo "1880"]
[BlackElo "1873"]
[Annotator "Chessbase - SF 17.1"]
[PlyCount "93"]
[EventDate "2025.??.??"]
[EventCountry "BRA"]

{Precisão SF 17; Brancas 83% Pretas 85%} 1. d4 {[%eval 17,0]} Nf6 {[%eval 19,0]} 2. Nc3 {[%eval 2,0]} d6 {[%eval 39,0]} 3. e4 {[%eval 38,0]} Nbd7 {[%eval 57,0]} 4. g4 {[%eval 47,0][%cal Bg2g4,Bg4g5][%mdl 32]} e5 $6 {[%eval 105,0] Inaccuracy. h6 was best.} (4... h6 5. h4 (5. h3 e6 6. Bg2 c5 7. Be3 cxd4 8. Qxd4 b5 9. Nxb5) 5... e5 6. g5 hxg5 7. Bxg5 exd4 8. Qxd4 Be7 9. f4 Nc5 10. f5 Nh5 11. Bxe7 Qxe7 12. Nd5 Qd8 13. O-O-O c6 14. Nc3 Qf6 15. Qf2 Bd7 16. Nf3 O-O-O 17. e5 Qh6+ 18. Kb1 Bxf5 19. exd6 b6 20. Ne5 Qf6 21. Nxc6 Rxd6 22. Rxd6 Qxd6 23. Qxf5+ Kb7 24. Bg2 Nf4 25. Qxf7+ Nd7 26. Be4 Rf8 27. Ne5+ Kc7 28. Nb5+ {1-0 Dardha,D (2619)-Van Foreest,J (2695) Titled Tuesday intern op 13th Jun Late Chess.com INT blitz 2023 (9)}) 5. g5 {[%eval 107,0]} Ng8 {[%eval 117,0]} (5... exd4 6. Qxd4 Ng8 (6... Ng4 7. f4 {And now Be2 would win.} h6 8. Be2 Nc5 9. Nf3 {aiming for f5.} hxg5 10. Nxg5 Ne6 11. Nxe6 Qh4+ 12. Kd1 Bxe6 13. Rf1 {Inhibits Nf2+. Strongly threatening f5.} Nxh2 14. Rh1 Qg3 {Hoping for ...Nf3.} 15. Be3 $2 {[%mdl 8192]} (15. Qe3 Qg6 16. Rg1) 15... Nf3 $19 16. Bxf3 Qxf3+ 17. Kd2 Rxh1 18. Rxh1 Qxh1 19. f5 Bd7 20. Nd5 {Kleiman,J (2399)-Chernikov,V (2266) chess.com INT 2024 0-1}) 7. Nf3 Ne7 8. Be3 Nc6 9. Qd2 Nde5 10. Nxe5 dxe5 11. Nd5 Bd6 {[%cal Bc6d4]} 12. O-O-O Be6 13. f4 {f5 is the strong threat.} exf4 14. Bxf4 {Black must now prevent Qe3.} O-O 15. h4 Bxd5 16. exd5 Ne5 17. Be2 Ng6 18. Bxd6 cxd6 19. h5 Ne5 20. Kb1 {Moiseenko,A (2706)-Miton,K (2623) Trzcianka 2012 1-0}) 6. Nf3 {[%eval 106,0]} c6 {[%eval 116,0]} 7. Be3 {[%eval 113,0]} Qc7 {[%eval 161,0] [#]} 8. h4 $146 {[%eval 106,0] White is clearly better.} (8. a4 g6 9. a5 h6 10. Bc4 exd4 11. Nxd4 hxg5 12. Bxg5 Ne5 13. Be2 Bh3 14. f4 f6 $5 {[%cal Re5f7]} (14... Nd7 15. f5 Ne5 16. Qd2 Be7 17. a6 b6 18. Rg1 O-O-O 19. O-O-O Bxg5 20. Rxg5 gxf5 $16 {was necessary.} (20... Ne7 21. f6 $18 {has better winning chances.} (21. Rdg1 gxf5 $16 {is a better defense.} (21... b5 22. f6 Ng8 23. Ndxb5 cxb5 24. Nd5 Nc4 25. Qd4 Qb8 26. Bxc4 bxc4 27. Qxc4+ Kd7 28. Qa4+ Ke6 29. Nf4+ Kxf6 30. Qd4+ Ke7 31. Qxh8 Be6 32. Nxe6 Kxe6 33. Qd4 Rc8 34. Rf1 Qb3 35. Qd5+ Qxd5 36. exd5+ Ke7 37. Rg3 Rc5 {1-0 Thorfinnsson,B (2443)-Ptacnikova,L (2232) Reykjavik Northern Lights op 2017 (5)}) 22. exf5 Kb8)) 21. exf5 Nf6) 15. fxe5 fxg5) 8... h5 {[%eval 106,0]} 9. Be2 {[%eval 136,0]} g6 $6 {[%eval 196,0] Inaccuracy. Ne7 was best.} (9... Ne7) 10. Qd2 {[%eval 164,0]} Bg7 {[%eval 212,0]} 11. d5 {[%eval 217,0]} c5 {[%eval 215,0]} 12. Nb5 {[%eval 203,0][%cal Bc3b5,Bb5a3,Ba3c4][%mdl 32]} Qb8 {[%eval 207,0]} 13. a4 {[%eval 193,0]} a6 {[%eval 214,0]} 14. Na3 {[%eval 202,0]} b6 {[%eval 231,0]} 15. Nc4 {[%eval 206,0]} Ne7 {[%eval 201,0]} 16. Ra3 {[%eval 167,0]} Qc7 {[%eval 204,0]} 17. Ng1 $6 {[%eval 106,0] Inaccuracy. b4 was best.} (17. b4 O-O 18. O-O Ra7 19. Rb1 Rb7 20. b5 a5 21. Rd1 Kh8 22. Kg2 Qb8) 17... O-O {[%eval 115,0][%cal Bh8f8,Bf8a8,Ba8a1][%mdl 32]} 18. f4 $2 {[%eval 19,0] Mistake. Nf3 was best.} (18. Nf3 Rb8 19. Ra1 b5 20. axb5 axb5 21. Qa5 Qxa5+ 22. Nxa5 Nb6 23. O-O Bg4) 18... Bb7 {[%eval 5,0]} 19. Bxh5 $4 {[%eval -197,0] Blunder. fxe5 was best. [#]} (19. fxe5 Nxe5) 19... b5 {[%eval -34,0]} 20. axb5 $6 {[%eval -152,0] Inaccuracy. f5 was best.} (20. f5 gxf5) 20... axb5 {[%eval -158,0][%cal Ba6b5,Bb5b4][%mdl 32]} (20... gxh5 $2 21. b6 Nxb6 22. Nxb6 Qxb6 23. Rb3 $19) 21. Rxa8 $6 {[%eval -266,0] Inaccuracy. f5 was best.} (21. f5 gxf5 22. Be2 bxc4 23. h5 c3 24. Rxc3 Bxd5 25. exd5 e4 26. h6 Ra1+) 21... Rxa8 {[%eval -297,0]} 22. Na3 $6 {[%eval -397,0] Inaccuracy. Bd1 was best.} (22. Bd1 exf4 23. Bxf4 bxc4 24. c3 f5 25. Nh3 fxe4 26. O-O Ne5 27. Bxe5 dxe5) 22... b4 $6 {[%eval -274,0] Inaccuracy. exf4 was best.} (22... gxh5 $2 23. f5 $19) (22... exf4 23. Bxg6 Nxg6 24. Bxf4 b4 25. Nc4 Bd4 26. Bxd6 Ra1+ 27. Qd1 Rxd1+ 28. Kxd1) 23. Nb5 {[%eval -283,0]} Ra1+ $6 {[%eval -195,0] Inaccuracy. Qb6 was best.} (23... Qb6 24. f5 Qxb5 25. fxg6 Ra1+ 26. Bd1 f5 27. Kf2 c4 28. Ne2 Nc5 29. Ng3) 24. Kf2 $6 {[%eval -258,0] Inaccuracy. Bd1 was best.} (24. Bd1 Qb6 25. c4 bxc3 26. Nxc3 Qb4 27. Nge2 Nb6 28. Qc2 Nc4 29. Bc1 exf4) 24... Qb8 $6 {[%eval -161,0] Inaccuracy. Qb6 was best.} (24... Qb6 25. f5 Qxb5 26. Be2 c4 27. f6 Bxf6 28. h5 Bh8 29. Bf3 Nc5 30. hxg6) 25. Be2 {[%eval -115,0]} exf4 $2 {[%eval -72,0] Mistake. Ba6 was best.} (25... Ba6) 26. Bxf4 {[%eval -87,0]} Ne5 {[%eval -62,0]} 27. c4 {[%eval -83,0]} Ba6 {[%eval -78,0][%cal Be5c4]} 28. Qc2 {[%eval -64,0]} Bxb5 $6 {[%eval 72,0] Inaccuracy. Nc8 was best.} (28... Nc8 29. h5 gxh5 30. Kg2 Ne7 31. Bxe5 Bxe5 32. Bxh5 Bxb5 33. cxb5 Ra2 34. Qd3) 29. cxb5 {[%eval 76,0]} Ra2 $6 {[%eval 1,0][%cal Ba2b2] Inaccuracy. Qa8 was best.} (29... c4 $6 30. Bxe5 Bxe5 31. Kg2) (29... Qa8 30. Kg2) 30. Bc1 {[%eval 2,0]} Qc8 $6 {[%eval 81,0] Inaccuracy. Qa7 was best.} (30... Qa7) 31. Qb3 $6 {[%eval 0,0] Inaccuracy. Nf3 was best.} (31. Nf3 Nxf3 32. Kxf3 Qe8 33. Kg2 Nc8 34. h5 b3 35. Qxb3 Qxe4+ 36. Bf3 Qa4) 31... Ra1 {[%eval 0,0]} {[%tqu "En","","","","g1f3","",10]} 32. Nf3 $1 {[%eval 0,0]} c4 {[%eval 0,0]} 33. Qxb4 {[%eval 16,0]} Ng4+ $2 {[%eval 107,0] Mistake. c3 was best.} (33... c3 34. b6) 34. Kg2 {[%eval 109,0]} c3 $6 {[%eval 209,0][%cal Bg4e3] Inaccuracy. Ne3+ was best.} (34... Ne3+ 35. Kf2 Ng4+ 36. Kg3 Ne5 37. Nxe5 Bxe5+ 38. Kg2 c3 39. bxc3 Ra2 40. Bb2) {[%tqu "En","","","","b5b6","",10]} 35. bxc3 $4 {[%eval 1,0] Blunder. b6 was best.} (35. b6) 35... Ra2 {[%eval 5,0]} 36. Re1 {[%eval 0,0]} Bxc3 {[%eval 0,0]} 37. Qb1 $4 {[%eval -265,0][%mdl 8192] Blunder. Qb3 was best.} (37. Qb3 Bxe1 38. Qxa2 Qxc1 39. b6 (39. Nxe1 Qxe1 40. Bxg4 Qxe4+ 41. Bf3 Qxh4 42. b6 Qxg5+)) 37... Bxe1 $4 {[%eval 0,0] Blunder. Ra1 was best.} (37... Ra1 38. Qc2 (38. Qxa1 Bxa1 39. Bf4 Bc3 40. Rf1 Qc5 41. Kg3 f5 42. gxf6 Nxf6 43. Ng5) 38... Bxe1 39. Nxe1 Qxc2 40. Nxc2 Rxc1) 38. Qxa2 {[%eval 0,0]} Qxc1 {[%eval 0,0]} 39. Nxe1 {[%eval 0,0]} Qxe1 {[%eval 0,0]} 40. Bxg4 {[%eval 0,0]} Qxe4+ $19 {[%eval 0,0][%mdl 4096] Endgame KQB-KQN} 41. Bf3 {[%eval 0,0]} Qd4 {[%eval 0,0]} 42. Qf2 {[%eval 0,0]} Qb4 {[%eval 0,0]} 43. Qe2 {[%eval 0,0]} Nf5 {[%eval 0,0]} 44. h5 {[%eval 0,0]} gxh5 {[%eval 5,0]} 45. Bxh5 {[%eval 11,0] [#] Qe8+ would kill now.} Kf8 $6 {[%eval 98,0] Inaccuracy. Ng7 was best. Prevents Qe8+.} (45... Ng7) 46. g6 $6 {[%eval 0,0] Inaccuracy. Bxf7 was best.} (46. Qf2 $5 {[%cal Rf2f5]} Qe4+ 47. Kg1 $16) (46. Bxf7 Nh4+) 46... fxg6 {[%eval 0,0]} 47. Bf3 $138 {[%eval 13,0][%mdl 32768] Weighted Error Value: White=0.57/Black=0.41. Loss on time!?} 0-1